The most popular song of each country(By views) - Statistics

General Stats
  • This quiz has been taken 9 times
  • The average score is 5 of 40
Answer Stats
Picture Answer % Correct
Despacito
38%
Gangnam Style
38%
Shape of you
38%
Diamonds
25%
Dragostea din tei/Numa numa yei
25%
Havana
25%
I got Love
25%
Sorry
25%
Waka Waka
25%
Zombie
25%
Animals
13%
Bum bum tam tam
13%
Chandelier
13%
Dame tu cosita
13%
Faded
13%
FNAF 1 song
13%
Freestyler
13%
Lemon
13%
LM3ALLEM/Allem
13%
Moonlight
13%
papaoutai
13%
See you again
13%
Sofia
13%
Stereo love
13%
Way down we go
13%
What is love
13%
Yuve yuve yu
13%
Allez Ola Ole
0%
Are you ok
0%
Cinta ini/This love
0%
Hope
0%
Lagi Syantic
0%
Leon On
0%
Lubimaya/Beloved
0%
On and On/On & ON
0%
Requiem
0%
Sigo aqui
0%
The coolest of all
0%
Vitamin
0%
Yaxsi Olar
0%
No matching quizzes found
Score Distribution
Percent of People with Each Score
Percentile by Number Answered
Your Score History
You have not taken this quiz